| 000 | 01147cab a2200265 4500 | ||
|---|---|---|---|
| 001 | WB2843-21 | ||
| 008 | 090401t1992 xxu||||| |||| 00| 0 eng d | ||
| 035 | _a(Sirsi) u55213 | ||
| 041 | _aeng | ||
| 245 | _aBuilding works damage drains | ||
| 260 | _c1992 | ||
| 350 | _a0 | ||
| 490 |
_aEstates Gazette Case Summaries _v(1992) EGCS 118 (2) (31/10/92) |
||
| 520 | _a"Robins and another v Tupman and others" CA 19 October 1992. The appellants claimed nuisance and negligence against neighbours for installing an inadequate drainage system, which leaked onto the appellants` land. The appeal was dismissed since it was held that the appellants` own building works had disturbed the original drainage system of the defendants` property and caused the present difficulties. Arguments that the defendants had abandoned their easement were not considered. | ||
| 650 | _aBUILDING WORKS | ||
| 650 | _aCHAIN OF CAUSATION | ||
| 650 | _aDRAINAGE | ||
| 650 | _aDRAINPIPES | ||
| 650 | _aEASEMENTS | ||
| 650 | _aMANDATORY INJUNCTION | ||
| 650 | _aSOAKAWAY | ||
| 690 | _aHIGHWAYS AND RIGHTS OF WAY-CASE LAW | ||
| 942 | _n0 | ||
| 948 | _c04/03/1997 | ||
| 999 |
_c33736 _d33736 |
||